000 01046nam a2200265 i 4500
001 13629
003 ES-MaACL
005 20250716062524.0
007 t|
008 970403s1997 sp ||||0| spa
080 _a821.111-21"15"
100 1 _aShakespeare, William,
_d1564-1616
_9105992
245 1 0 _aRicardo II /
_cWilliam Shakespeare ; edición bilingüe y traducción del Instituto Shakespeare dirigida por Manuel Ángel Conejero Dionís-Bayer ; introducción, notas y apéndices, Vicent Montalt i Resurreció y Pilar Ezpeleta Piorno.
260 _aMadrid :
_bCátedra,
_c[1997]
300 _a479 p. ;
_c18 cm.
490 1 _aLetras universales ;
_v257
546 _aTexto en inglés y español.
700 1 _aConejero Dionís-Bayer, Manuel Angel.
_940155
700 1 _aMontalt i Resurrecció, Vicent.
_982346
700 1 _aEzpeleta Piorno, Pilar.
_948469
710 2 _aUniversidad de Valencia.
_bInstituto Shakespeare.
_97330
830 1 _aLetras universales ;
_v257
_9178013
852 _aES-MaACL
_jL-20982
999 _c13629
_d13629